Miro miro y aprendo : (Record no. 27941)

MARC details
000 -LEADER
campo de control de longitud fija 00584nam a22002177a 4500
001 - NÚMERO DE CONTROL
campo de control 00027932
005 - FECHA Y HORA DE LA ÚLTIMA TRANSACCIÓN
campo de control 20260122115210.0
008 - DATOS DE LONGITUD FIJA--INFORMACIÓN GENERAL
campo de control de longitud fija 260122b ag a|||| |||| 00| 0 spa d
020 ## - NÚMERO INTERNACIONAL ESTÁNDAR DEL LIBRO
Número Internacional Estándar del Libro 9789876420877
040 ## - FUENTE DE CATALOGACIÓN
Centro catalogador/agencia de origen AR-CcCEOS
Lengua de catalogación Español; Castellano
Centro/agencia transcriptor AR-CcCEOS
041 ## - CÓDIGO DE IDIOMA
Código de lengua del texto/banda sonora o título independiente Español; Castellano
080 ## - NÚMERO DE LA CLASIFICACIÓN DECIMAL UNIVERSAL
Número de la Clasificación Decimal Universal 372.4
090 ## - LOCALMENTE ASIGNADO TIPO-LC NÚMERO DE CLASIFICACIÓN (OCLC); NÚMERO DE CLASIFICACIÓN LOCAL (RLIN)
Número cutter local (OCLC) ; Número de libro/Signatura topográfica íntegra, CALL (RLIN) KAU
100 1# - ENTRADA PRINCIPAL--NOMBRE DE PERSONA
Nombre de persona Kaufman, Ruth,
Fechas asociadas al nombre 1961-
9 (RLIN) 201
245 13 - MENCIÓN DEL TÍTULO
Título Miro miro y aprendo :
Resto del título 3 /
Mención de responsabilidad, etc. Ruth Kaufman
250 ## - MENCION DE EDICION
Mención de edición 1ª ed.
260 ## - PUBLICACIÓN, DISTRIBUCIÓN, ETC.
Lugar de publicación, distribución, etc. Buenos Aires :
Nombre del editor, distribuidor, etc. edlvives,
Fecha de publicación, distribución, etc. 2014
300 ## - DESCRIPCIÓN FÍSICA
Extensión 304 p. :
Otros detalles físicos il. a col. ;
Dimensiones 22x27 cm.
655 #0 - TERMINO DE INDIZACIÓN--GENERO/FORMA
Datos o término principal de género/forma enseñanza primaria
9 (RLIN) 202
942 ## - ELEMENTOS DE ENTRADA SECUNDARIOS (KOHA)
Fuente de la clasificación o esquema de estantería Clasificación decimal universal
Tipo de ítem Koha Libros
Suprimir en OPAC No
Holdings
Estatus retirado Estado de pérdida Fuente de la clasificación o esquema de estantería Estado de daño No para préstamo Biblioteca de origen Biblioteca actual Fecha de adquisición Número de inventario Total de préstamos Signatura topográfica completa Información codificada de la localización en otra ubicación Colección Código de barras Visto por última vez Precio de reemplazo Tipo de ítem Koha
    Clasificación decimal universal     Biblioteca Julio Serebrinsky Biblioteca Julio Serebrinsky 22/01/2026 42506   372.4 KAU SER 42506 22/01/2026 22/01/2026 Libros